000 00439nam a22001697a 4500
003 BD-DhUL
005 20200210154552.0
008 160830s1953 e ||||| |||| 00| 0 eng d
040 _cBD-DhUL
_dBD-DhUL
082 _a923.6
_bLAS
100 1 _aLamb, G. F.
245 0 0 _aSix good samaritans /
_cG. F. Lamb
260 _aLondon :
_bOxford University Press,
_c1953.
300 _a88 p. ;
_c18 cm.
650 0 _aBiography
942 _2ddc
_cBK
999 _c103176
_d103176